Biodiversidad y recursos genéticos : (Registro nro. 8705)

Detalles MARC
000 -CABECERA
Campo de control 01183nam a22002777a 4500
005 - FECHA Y HORA DE LA ULTIMA TRANSACCION
Campo de control 20200104041629.0
008 - ELEMENTOS DE LONGITUD FIJA—INFORMACION GENERAL
Campo de control 150914s2010 ck a r o00010 spa d
015 ## - NATIONAL BIBLIOGRAPHY NUMBER
National bibliography number ck-2003-xxxx
020 ## - ISBN
ISBN 9789586708173
041 0# - IDIOMA
Código de idioma para texto/pista de sonido o título separado Español
044 ## - PAÍS DE PUBLICACIÓN
País de publicación Colombia
082 04 - NUMERO DE CLASIFICACION DECIMAL DEWEY
Número de clasificación 574.526
Número del ítem A28b
100 1# - ASIENTO PRINCIPAL--NOMBRE PERSONAL
Nombre personal Aguilera-Castro, Adriana
245 10 - MENCION DE TITULO
Título Biodiversidad y recursos genéticos :
Parte restante del título direccionamiento prospectivo y estratégico - CIEBREG /
Mención de responsabilidad Adriana Aguilera ...[et al].
260 ## - PUBLICACION, DISTRIBUCION, ETC. (PIE DE IMPRENTA)
Lugar de publicación, distribución, etc. Bogotá,
Nombre del editor, distribuidor, etc. Colciencias
-- Ciebreg
-- Universidad del Valle
Fecha de publicación, distribución, etc. 2003.
300 ## - DESCRIPCION FISICA
Extensión 159 p.
Otros detalles físicos tablas
Dimensiones 28 cm.
500 ## - NOTA GENERAL
Nota general Proyecto de investigación "Generación de Capacidades para la formulación de los planes estratégicos de os Centros de Investigación de Excelencia de Colciencias", convenio No. 163 de 2001 entre Colciencias y Univalle
650 #4 - ASIENTO SECUNDARIO DE MATERIA - TERMINO TEMATICO
Término temático o nombre geográfico como elemento de entrada Diversidad biológica.
650 #4 - ASIENTO SECUNDARIO DE MATERIA - TERMINO TEMATICO
Término temático o nombre geográfico como elemento de entrada Diversidad biológica
Subdivisión geográfica Colombia
Subdivisión general Investigaciones.
650 ## - ASIENTO SECUNDARIO DE MATERIA - TERMINO TEMATICO
Término temático o nombre geográfico como elemento de entrada Ecosistemas.
650 #6 - ASIENTO SECUNDARIO DE MATERIA - TERMINO TEMATICO
Término temático o nombre geográfico como elemento de entrada Desarrollo sostenible.
700 1# - ASIENTO SECUNDARIO - NOMBRE PERSONAL
Nombre personal Rodriguez-Pineda, John Mario
700 1# - ASIENTO SECUNDARIO - NOMBRE PERSONAL
Nombre personal Pineda, Angélica María
700 1# - ASIENTO SECUNDARIO - NOMBRE PERSONAL
Nombre personal García-Solarte, Mónica
942 ## - ELEMENTOS ADICIONALES (KOHA)
Sistema de clasificación Dewey Decimal Classification
Tipo de ítem Libro
Existencias
Withdrawn status Lost status Sistema de Clasificación Damaged status No para préstamo Colección Inventariado Ubicación Permanente Ubicación actual Fecha de adquisición Fuente de Valor Valor Total Checkouts Número topográfico Inventario / Código de Barras Date last seen Ejemplar Price effective from Forma de adquisición Tipo de material
    Dewey Decimal Classification     General Inventariado 2017 Bogotá Bogotá 15/09/2014 Instituto 15000.00   LB-574.526 A28b 034397 15/09/2014 Ej. 1 15/09/2014   Libro
    Dewey Decimal Classification     General Inventariado 2017 Sala Fabio Quevedo Sala Fabio Quevedo 13/02/2015 Instituto 15000.00   LB-574.526 A28b 038760 13/02/2015 Ej. 2 13/02/2015   Libro